000 00581nam a22001817a 4500
005 20250225121229.0
008 250225b |||||||| |||| 00| 0 eng d
020 _a9780766805026
050 _aRM300
_b.R43
100 _aReiss, Barry S.
245 _aPharmacological Aspects of Nursing Care/
_cBarry S. Reiss & Mary E. Evans; Revised by Bonita E. Broyles
250 _a6th ed.
260 _aAustralia
_bDelmar Thomson Learning
_c2002
300 _axviii. 957p.
_bill. some color
_c27.5cm
700 _aEvans, Mary E.
700 _aBroyles, Bonita E.
942 _2lcc
_cBK
_e6th ed.
_n0
999 _c4307
_d4307